00765naa#a2200193#i#4500001001600000005001700016011001400033100004100047102000700088200010800095210011000203215001000313608002700323675013400350700001700484700001900501700002100520856003000541EN\\bibl\12335420260705160913.7##a1994-4683##a20230731b2023####ek#y0engy0150####ca##aRU1#aMETERED RUNNING LOAD AS A METHOD OF INCREASING PHYSICAL FITNESS OF UNIVERSITY STUDENTSeJournal article1#aMoscowcNational State University of Physical Education, Sports and Health named after P.F. Lesgaftd2023##a3 с.##aJournal article2local##aСпортивная тренировка. Методика. Нагрузка. Спортивные результаты. 796.015#1aBobrovagG V#1aKHolodovagG B#1aGrishchenkogO M4#auchzapiski.lesgaft.spb.ru